Statistics for One 2022 Giro d'Italia Rider by Team

Click here to take the quiz!

General Stats

  • This quiz has been taken 61 times
  • The average score is 17 of 22

Answer Stats

TeamRider% Correct
Alpecin–FenixMathieu van der Poel | Tobias Bayer | Dries De Bondt | +5 others
96%
Ineos Grenadiers Richard Carapaz | Jonathan Castroviejo | Jhonatan Narváez | +5 others
96%
Team Bahrain VictoriousMikel Landa | Phil Bauhaus | Pello Bilbao | +5 others
91%
Bora–HansgroheWilco Kelderman | Giovanni Aleotti | Cesare Benedetti | +5 others
91%
Intermarché–Wanty–Gobert MatériauxBiniam Ghirmay | Aimé De Gendt | Jan Hirt | +5 others
89%
Astana Qazaqstan TeamVincenzo Nibali | Valerio Conti | David de la Cruz | +5 others
89%
Movistar TeamAlejandro Valverde | Jorge Arcas | Will Barta | +5 others
87%
AG2R Citroën TeamAndrea Vendrame | Lilian Calmejane | Mikaël Cherel | +5 others
83%
Lotto–SoudalCaleb Ewan | Thomas De Gendt | Matthew Holmes | +5 others
83%
UAE Team Emirates João Almeida | Rui Oliveira | Rui Costa | +5 others
83%
Trek–SegafredoGiulio Ciccone | Dario Cataldo | Mattias Skjelmose Jensen | +5 others
81%
Team Jumbo–Visma Tom Dumoulin | Edoardo Affini | Koen Bouwman | +5 others
81%
Team DSM Romain Bardet | Thymen Arensman | Cees Bol | +5 others
80%
Team BikeExchange–JaycoSimon Yates | Lawson Craddock | Lucas Hamilton | +5 others
80%
Groupama–FDJArnaud Démare | Clément Davy | Jacopo Guarnieri | +5 others
78%
Quick-Step Alpha Vinyl TeamMark Cavendish | Davide Ballerini | James Knox | +5 others
76%
CofidisGuillaume Martin | Davide Cimolai | Simone Consonni | +5 others
74%
EF Education–EasyPostHugh Carthy | Jonathan Klever Caicedo | Diego Andrés Camargo | +5 others
74%
Eolo–KometaLorenzo Fortunato | Vincenzo Albanese | Davide Bais | +5 others
72%
Israel–Premier TechGiacomo Nizzolo | Jenthe Biermans | Matthias Brändle | +5 others
54%
Drone Hopper–Androni GiocattoliNatnael Tesfatsion | Mattia Bais | Jefferson Alexander Cepeda | +5 others
50%
Bardiani–CSF–FaizanèFilippo Zana | Luca Covili | Filippo Fiorelli | +5 others
48%

Score Distribution

Percentile by Number Answered

Percent of People with Each Score

Your Score History

You have not taken this quiz